Shifting foundations (Record no. 75845)
[ view plain ]
| 000 -LEADER | |
|---|---|
| fixed length control field | 01086cab a2200181 4500 |
| 001 - CONTROL NUMBER | |
| control field | L130861 |
| 008 - FIXED-LENGTH DATA ELEMENTS--GENERAL INFORMATION | |
| fixed length control field | 110922n2005 000 0 eng u |
| 035 ## - SYSTEM CONTROL NUMBER | |
| System control number | (Sirsi) u130861 |
| 041 0# - LANGUAGE CODE | |
| Language code of text/sound track or separate title | eng |
| 100 ## - MAIN ENTRY--PERSONAL NAME | |
| Personal name | Maxwell, Dominic |
| 245 ## - TITLE STATEMENT | |
| Title | Shifting foundations |
| Remainder of title | homeownership and government objectives |
| 260 ## - PUBLICATION, DISTRIBUTION, ETC. | |
| Place of publication, distribution, etc. | London |
| Name of publisher, distributor, etc. | Institute for Public Policy Research |
| Date of publication, distribution, etc. | 2005 |
| 520 ## - SUMMARY, ETC. | |
| Summary, etc. | Examines government stated reasons for subsidising home ownership, asks to what extent these provide adequate justification for subsidies and uses this analysis to draw some broad principles for policy. Explores two government objectives in depth: creating mixed communities and enabling more people to share in increasing asset wealth. The paper is part of a larger project "Housing across the lifecycle". References. |
| 590 ## - LOCAL NOTE (RLIN) | |
| Local note | IKA130905 |
| 690 ## - LOCAL SUBJECT ADDED ENTRY--TOPICAL TERM (OCLC, RLIN) | |
| Topical term or geographic name as entry element | PROPERTY-RESIDENTIAL PROPERTY-ACQUISITION AND DISPOSAL OF RESIDENTIAL PROPERTY-HOME BUYING REFORM |
| 856 ## - ELECTRONIC LOCATION AND ACCESS | |
| Uniform Resource Identifier | <a href="https://www.ippr.org/ecomm/files/housing%20across%20the%20lifecycle.pdf">https://www.ippr.org/ecomm/files/housing%20across%20the%20lifecycle.pdf</a> |
| Public note | View the paper free of charge at www.ippr.org |
| 942 ## - ADDED ENTRY ELEMENTS (KOHA) | |
| Suppress in OPAC | 0 |
| Withdrawn status | Lost status | Source of classification or shelving scheme | Damaged status | Not for loan | Home library | Current library | Shelving location | Date acquired | Total Checkouts | Full call number | Barcode | Date last seen | Copy number | Price effective from | Koha item type |
|---|---|---|---|---|---|---|---|---|---|---|---|---|---|---|---|
| Dewey Decimal Classification | Virtual | Virtual | Online | 07/09/2005 | ONLINE PUBLICATION | 130861-2001 | 06/08/2019 | 1 | 06/08/2019 | Book |